Candidats à l'élection présidentielle de 2022 avec des parrainages - Statistiques

Statistiques générales
  • Ce quiz a été pris 167 fois
    106 depuis la dernière actualisation
  • Le résultat moyen est 12 sur 39
Statistiques - réponses
Parti Candidat Nombre de Parrainages % Correct
La République en Marche Emmanuel Macron 2 098
99%
Rassemblement National Marine Le Pen 622
98%
Reconquête Eric Zemmour 741
95%
La France Insoumise Jean Luc Mélenchon 906
93%
Les Républicains Valérie Pécresse 2 636
90%
Parti Socialiste Anne Hidalgo 1 440
87%
Nouveau Parti Anticapitaliste Philippe Poutou 596
87%
Lutte Ouvrière Nathalie Arthaud 576
81%
Europe Écologie Les Verts Yannick Jadot 712
81%
Parti Communiste Français Fabien Roussel 626
79%
Debout La France Nicolas Dupont Aignan 600
79%
Résistons Jean Lassalle 642
75%
Union Populaire Républicaine François Asselineau 293
52%
Révolution Permanente Anasse Kazib 160
29%
Parti Animaliste Hélène Thouy 139
29%
République Souveraine Georges Kuzmanovic 49
19%
Simple Gaspard Koenig 107
11%
Marie Cau 8
5%
Volontaires Pour la France Antoine Martinez 13
4%
Objectif France Rafik Smati 10
4%
Christian Laurut 2
3%
Rassemblement des contribuables Français Nicolas Miguet 40
3%
Arnaud Chiche 21
2%
Bertrand Fessard de Foucault 1
2%
Mouvement Espoir RIC 2022 Clara Egger 36
2%
Corrinne Bekaert 6
2%
Eric Régis Fiorile 2
2%
Jean Baptiste Giffon 1
2%
Fédération Citoyenne Jean Marc Fortané 12
2%
Martin Rocca 9
2%
Alexandre Juving Brunet 1
1%
La France au pouvoir Antoine Rocquemont 1
1%
La France autrement Gildas Vieira 2
1%
Paul Montserrat 1
1%
Parti des Citoyens Européens Philippe Mazuel 1
1%
Stéphane Wendlinger 1
1%
Stéphanie Rivoal 3
1%
Thierry Caez 1
1%
Pour la France A gauche Yaya Lam 1
1%
Aucun quiz correspondant
Distribution des résultats
% des personnes avec chaque résultat
Percentile par nombre de réponses
Votre historique - résultats
Vous n’avez pas pris ce quiz depuis la dernière actualisation